| 000 | 00897nam a2200241Ia 4500 | ||
|---|---|---|---|
| 005 | 20170724162504.0 | ||
| 010 | _aBAC-EN21 ENG-111969 | ||
| 020 |
_a9789382337072 _c395.00 |
||
| 035 | _aEN-95501 | ||
| 035 | _aB-580106-120 | ||
| 035 | _aB-667319 | ||
| 037 |
_bAakar Books/Ven _adpl |
||
| 037 | _bDBAD/PUB | ||
| 082 | _aS | ||
| 100 | _aIyer, Meenakshi | ||
| 245 |
_aFalse sanctuaries : _cby Meenakshi Iyer _bstories from the troubled territories of South Asia / |
||
| 260 |
_c2013 _aNew Delhi _bPromilla & Co Publishers |
||
| 270 |
_aC-127 Sarvodaya Enclave _bNew Delhi _e110017 |
||
| 300 |
_c21cm(pbk) _a283p. |
||
| 942 |
_cEN _2ddc _mIYE _hS |
||
| 999 |
_c88746 _d88746 |
||